Fr. Conceicao Rodrigues College of Engineering

Learn Python the hardway (Record no. 24354)

MARC details
000 -LEADER
fixed length control field 00356nam a2200181Ia 4500
082 ## - DEWEY DECIMAL CLASSIFICATION NUMBER
Classification number 5.133
Item number SHAW
100 ## - MAIN ENTRY--PERSONAL NAME
Personal name Shaw/Zed A
250 ## - EDITION STATEMENT
Edition statement 3
245 ## - TITLE STATEMENT
Title Learn Python the hardway
260 ## - PUBLICATION, DISTRIBUTION, ETC.
Name of publisher, distributor, etc. Pearson Education
Date of publication, distribution, etc. 2017
366 ## - TRADE AVAILABILITY INFORMATION
Publishers's discount category 20
300 ## - PHYSICAL DESCRIPTION
Extent 287
546 ## - LANGUAGE NOTE
Language note ENGLISH
650 ## - SUBJECT ADDED ENTRY--TOPICAL TERM
Topical term or geographic name entry element Python
654 ## - SUBJECT ADDED ENTRY--FACETED TOPICAL TERMS
Focus term python
942 ## - ADDED ENTRY ELEMENTS (KOHA)
Koha item type BOOK
Holdings
Withdrawn status Lost status Damaged status Not for loan Collection Home library Current library Date acquired Source of acquisition Cost, normal purchase price Inventory number Total Checkouts Full call number Barcode Date last seen Date last checked out Cost, replacement price Price effective from Koha item type
        CRC Fr. Agnel's C.Rodrigues College of Engineering Fr. Agnel's C.Rodrigues College of Engineering 17/03/2023 Allied Publisher 540.00 791 dt 04.12.2017 1 5.133 SHAW 24993 19/05/2026 12/06/2023 675.00   BOOK